The new urban America : growth and politics in sunbelt cities /

Bibliographic Details
Main Author: Abbott, Carl, 1944-
Format: Book
Language:English
Published: Chapel Hill : University of North Carolina Press, [1981]
Subjects:

MARC

Tag First Indicator Second Indicator Subfields
LEADER 00000pam a2200000 a 4500
001 in00000084958
005 20160106094937.0
008 800916s1981 ncub b 00110 engm
010 |a  80022848  
020 |a 0807814644 
020 |a 0807840793 (pbk.) 
035 |a (OCoLC)06789491 
035 |9 AAJ0647AM 
040 |a DLC  |c DLC  |d m.c.  |d TXA  |d UtOrBLW 
043 |a n-usu--  |a n-ust-- 
049 |a TXAM  |c [1361383] 
050 0 0 |a HT371  |b .A25 
082 0 |a 307.7/6/0975  |2 19 
100 1 |a Abbott, Carl,  |d 1944- 
245 1 4 |a The new urban America :  |b growth and politics in sunbelt cities /  |c Carl Abbott. 
264 1 |a Chapel Hill :  |b University of North Carolina Press,  |c [1981] 
264 4 |c ©1981 
300 |a viii, 317 pages :  |b maps ;  |c 24 cm. 
336 |a text  |b txt  |2 rdacontent 
337 |a unmediated  |b n  |2 rdamedia 
338 |a volume  |b nc  |2 rdacarrier 
500 |a Includes index. 
504 |a Bibliography: pages [281]-307. 
650 0 |a Cities and towns  |z Southern States  |x Growth. 
650 0 |a Cities and towns  |z Southwest, New  |x Growth. 
650 0 |a Cities and towns  |z Southwest, Old  |x Growth. 
999 |a MARS 
999 f f |s 072e952c-bed3-347c-b124-e217df687682  |i d12ef8c9-68fb-3ed5-bf9a-6d3e98535fa3  |t 0 
952 f f |p ric  |a Texas A&M University  |b Rellis Campus  |c Joint Library Facility  |d Remote Storage  |t 0  |e HT371 .A25  |h Library of Congress classification  |i unmediated -- volume  |m A14806144859 
998 f f |a HT371 .A25  |t 0  |l Remote Storage